| Tag |
First Indicator |
Second Indicator |
Subfields |
| LEADER |
00000cam a22000008a 4500 |
| 001 |
in00000915575 |
| 005 |
20150924144427.0 |
| 008 |
890920s1990 cau b 00110 eng |
| 010 |
|
|
|a 89027911
|
| 020 |
|
|
|a 0803932103
|
| 020 |
|
|
|a 0803932111 (pbk.)
|
| 035 |
|
|
|a (OCoLC)20530409
|
| 035 |
|
|
|9 AEP4293AM
|
| 040 |
|
|
|a DLC
|c DLC
|d TXA
|d UtOrBLW
|
| 049 |
|
|
|a TXAM
|c [A13327222]
|
| 050 |
0 |
0 |
|a BF637.C6
|b P327 1990
|
| 082 |
0 |
|
|a 361.3/23
|2 20
|
| 100 |
1 |
|
|a Pearson, Richard E.,
|d 1937-
|
| 245 |
1 |
0 |
|a Counseling and social support :
|b perspectives and practice /
|c Richard E. Pearson.
|
| 264 |
|
1 |
|a Newbury Park, Calif. :
|b Sage Publications,
|c [1990]
|
| 264 |
|
4 |
|c ©1990
|
| 300 |
|
|
|a 271 pages
|
| 336 |
|
|
|a text
|b txt
|2 rdacontent
|
| 337 |
|
|
|a unmediated
|b n
|2 rdamedia
|
| 338 |
|
|
|a volume
|b nc
|2 rdacarrier
|
| 504 |
|
|
|a Includes bibliographical references and index.
|
| 650 |
|
0 |
|a Counseling.
|
| 650 |
|
0 |
|a Social networks.
|
| 999 |
|
|
|a MARS
|
| 999 |
f |
f |
|s 80dd23fd-afee-343e-b7bc-0ac095a15eaf
|i efdc2afa-4ff1-3edd-a323-a502cffec2a4
|t 0
|
| 952 |
f |
f |
|p normal
|a Texas A&M University
|b College Station
|c Sterling C. Evans Library
|d Evans: Library Stacks
|t 0
|e BF637.C6 P327 1990
|h Library of Congress classification
|i unmediated -- volume
|m A14813327222
|
| 998 |
f |
f |
|a BF637.C6 P327 1990
|t 0
|l Evans: Library Stacks
|